Statistics for 5 Most Densely Populated Countries of Europe

Click here to take the quiz!

General Stats

  • This quiz has been taken 47 times
  • The average score is 4 of 5

Answer Stats

RankAnswer% Correct
2Vatican City
100%
1Monaco
96%
4San Marino
93%
3Malta
84%
5Netherlands
76%

Score Distribution

Percentile by Number Answered

Percent of People with Each Score

Your Score History

You have not taken this quiz